| 000 | 00434nam a2200169 a 4500 | ||
|---|---|---|---|
| 001 | 1857 | ||
| 003 | CDMR | ||
| 005 | 20131002122458.0 | ||
| 008 | 130130s1983||||||||||||||||||||||||||||d | ||
| 020 | _a9287102600 | ||
| 040 |
_aCDMR _bcat _cCDMR |
||
| 100 | 1 |
_aLhoest, Holde _91387 |
|
| 245 | 1 | 0 | _aL'interdépendance des médias |
| 260 |
_aStrasburg _c1983 _bCouncil of Europe |
||
| 490 | 0 |
_aDossiers sur les Mass Media _v4 |
|
| 942 |
_cMON _2udc |
||
| 999 |
_c1857 _d1857 |
||